| 000 | 01505nam a2200349 i 4500 | ||
|---|---|---|---|
| 999 |
_c5195 _d5195 |
||
| 001 | on1389908983 | ||
| 003 | OCoLC | ||
| 005 | 20250825095147.0 | ||
| 008 | 230823s2023 nyua j 6 000 1 eng d | ||
| 020 | _a9781250195036 | ||
| 040 |
_aSDG _beng _erda _cSDG _dJCX _dFMG _dCHILD _dORX _dJQF _dRNL _dJQW _dOCLCQ _dINR _dCNCAR _dCaOL _dKH8 |
||
| 082 | _aFIC ANN | ||
| 100 | 1 |
_aAnnable, Graham, _eauthor, _eillustrator. |
|
| 245 | 1 | 0 |
_aEerie tales from the School of Screams / _cGraham Annable. |
| 246 | 3 | 0 | _aTales from the School of Screams. |
| 246 | 3 | 0 | _aSchool of Screams. |
| 264 | 1 |
_aNew York : _bFirst Second, _c2023. |
|
| 264 | 4 | _c©2023. | |
| 300 |
_a360 pages : _bcolour illustrations ; _c23 cm. |
||
| 336 |
_atext _btxt _2rdacontent. |
||
| 336 |
_astill image _bsti _2rdacontent. |
||
| 337 |
_aunmediated _bn _2rdamedia. |
||
| 338 |
_avolume _bnc _2rdacarrier. |
||
| 520 | _a"School is tough. School is scary. School is EERIE. No one knows this better than Davis and Emily. But they're not scared of school because of tough tests or merciless vice-principals. No, they're scared because their teacher wants her students to present the class with the spookiest, most chilling stories they can think of"--Provided by publisher. | ||
| 586 | _aSilver Birch Fiction nominee, 2025. | ||
| 650 | 0 |
_aSchools _vJuvenile fiction. |
|
| 650 | 0 |
_aStorytelling _vJuvenile fiction. |
|
| 650 | 0 |
_aSiblings _vJuvenile fiction. |
|
| 650 | 0 |
_aHorror comics. _2genre. |
|
| 650 | 0 |
_aGraphic novels. _2genre. |
|
| 942 |
_2ddc _cGN |
||